Statistics for F1 Podiums 1992

Click here to take the quiz!

General Stats

  • This quiz has been taken 120 times
  • The average score is 6 of 7

Answer Stats

Answer% Correct
Ayrton Senna
100%
Nigel Mansell
100%
Gerhard Berger
92%
Michael Schumacher
89%
Riccardo Patrese
85%
Jean Alesi
79%
Martin Brundle
67%

Score Distribution

Percentile by Number Answered

Percent of People with Each Score

Your Score History

You have not taken this quiz